Pflanzen und Tiere Europas /

Hlavní autor: Tříska, Jan, 1922-1985
Další autoři: Choc, Vlastimil, 1925-, Felix, Jiří, 1929-2008
Jazyk: Němčina
Vydáno: Praha : Artia, 1983
Vydání: Neubearb. Aufl.
Fyzický popis: 341 s.
Knihy
Uloženo v:
LEADER 00920nam a2200277 a 4500
001 000628771
003 CZ BrMZK
005 20040607155343.0
007 ta
008 021009s1983 xr f ger d
040 |a BOA001  |b cze  |c BOA001 
041 1 |a ger  |h cze 
080 |a 084:592/599(4)  |2 MRF 
080 |a 582(4):084  |2 MRF 
080 |a 592/599(4):084  |2 MRF 
080 |a 084:582(4)  |2 MRF 
100 1 |a Tříska, Jan,  |d 1922-1985  |7 jk01140296  |4 aut 
245 1 0 |a Pflanzen und Tiere Europas /  |c Text von Jan Tříska und Jiří Felix ; Illustr. von Vlastimil Choc ... [et al.] 
250 |a Neubearb. Aufl. 
260 |a Praha :  |b Artia,  |c 1983 
300 |a 341 s. 
700 1 |a Choc, Vlastimil,  |d 1925-  |7 xx0015795  |4 ill 
700 1 |a Felix, Jiří,  |d 1929-2008  |7 jk01030870  |4 aut 
910 |a BOA001  |b 4-0888.812 
990 |a BK 
996 6 |b 2619228434  |c 4-0888.812  |l MZK  |r Sklad / do 1 hodiny  |n 1  |w 000628771  |u 000010  |a 1  |e BOA001  |j MZK50  |s P